[Event "US-ch Open 2018"]
[Site "Saint Louis"]
[Date "2018.04.19"]
[Round "2"]
[White "Robson, Ray"]
[Black "Izoria, Zviad"]
[Result "1-0"]
[WhiteElo "2660"]
[BlackElo "2599"]
[Annotator "TA"]
[PlyCount "79"]
[EventDate "2018.??.??"]
[EventType "tourn"]
[EventCountry "USA"]
[SourceTitle "playchess.com"]
[Source "ChessBase"]
[SourceQuality "1"]

{[%evp 19,79,0,0,0,18,21,21,14,18,11,11,13,4,6,13,0,0,0,0,-16,0,0,0,-17,0,0,-4,-19,97,129,120,141,296,272,300,303,286,280,578,52,77,0,0,0,55,0,0,0,868,868,868,803,810,0,737,0,731,720,712,711,29992,29993]} 1. e4 e5 2. Nf3 Nc6 3. Bb5 Nf6 4. d3 Bc5 5. Bxc6 dxc6 6. Nbd2 {C65: Ruy Lopez: Berlin Defence (3...Nf6), unusual lines and 4 0-0 Bc5} (6. O-O Qe7 7. h3 Rg8 8. Kh1 Nh5 9. c3 g5 10. Nxe5 g4 11. d4 Bd6 12. g3 Bxe5 13. dxe5 Qxe5 {0-1 (27) Aronian,L (2794)-Kramnik,V (2800) Berlin 2018}) 6... Be6 7. O-O Nd7 8. Nb3 Bb6 9. Ng5 Bxb3 10. axb3 f6 {LiveBook: 19 Games} 11. Nf3 O-O $146 ({Predecessor:} 11... Nf8 12. Nd2 Qd7 13. Nc4 Ne6 {½-½ (66) Zhang,X (2364)-Shen,Y (2460) Zhongshan 2015}) 12. Nd2 Nc5 13. Nc4 Qd7 14. Kh1 Ne6 15. g3 a6 16. Be3 Bd4 17. Bxd4 Qxd4 18. Qg4 Rae8 19. Rad1 Qc5 20. Ne3 a5 21. Rde1 Nd4 22. f4 exf4 23. gxf4 Nxc2 {[#]} (23... f5 $11 {remains equal.} 24. Qg2 fxe4 25. dxe4 Kh8) 24. Nf5 $1 $16 {[%csl Gf5][%cal Rg4g7][%mdl 512]} g6 25. Rc1 {[%mdl 1024] White has strong compensation.} Qb5 $2 (25... Rd8 $16) 26. Rf3 $1 $18 Nb4 (26... Qxb3 27. Rh3 $11) 27. Nh6+ Kh8 28. Qd7 $1 Nxd3 $2 (28... Nd5 {keeps fighting.}) 29. Rxd3 $2 ({Only move:} 29. Nf5 $1 $18 gxf5 30. Rg1 Nf2+ 31. Rxf2) 29... Rxe4 $14 30. Nf7+ (30. Rg1 $5 {[%cal Rf4f5]} Re2 31. Nf7+ Kg8 32. Ne5 $1 {[%mdl 512]} (32. Nh6+ Kh8 $11) 32... Rxe5 33. fxe5 Qxe5 34. Qd4 $18) 30... Kg8 31. Nh6+ Kh8 32. Nf7+ $40 {[%mdl 128] White has some attack.} (32. Rg1 $14 Re2 33. Nf7+ Kg8 34. Nh6+ Kh8 35. Nf7+ Kg8 {[#]} 36. Ne5 $1 {[%mdl 512]} (36. Nh6+ Kh8 $11) 36... Rxe5 37. fxe5 Qxe5 38. Qd4) 32... Kg8 $11 33. Nd8 Rfe8 $2 {[%mdl 8192]} (33... Qb4 $11) 34. Qf7+ $18 Kh8 35. Qxf6+ Kg8 36. Qf7+ Kh8 37. Qf6+ Kg8 {[#]} 38. Nf7 $1 {[%cal Rf7h6][%mdl 512]} Qh5 39. Ne5 Rf8 40. Rd8 {Precision: White = 57%, Black = 47%.} 1-0

[Event "US-ch Open 2018"]
[Site "Saint Louis"]
[Date "2018.04.19"]
[Round "2"]
[White "Akobian, Varuzhan"]
[Black "Liang, Awonder"]
[Result "1-0"]
[WhiteElo "2647"]
[BlackElo "2552"]
[Annotator "TA"]
[PlyCount "69"]
[EventDate "2018.??.??"]
[EventType "tourn"]
[EventCountry "USA"]
[SourceTitle "playchess.com"]
[Source "ChessBase"]
[SourceQuality "1"]

{[%evp 12,69,0,0,14,9,25,9,43,36,36,36,38,34,46,31,25,29,32,20,27,27,27,36,29,20,50,50,57,33,53,50,50,54,33,0,34,33,39,33,206,41,35,27,73,0,47,33,50,25,40,42,37,37,37,37,41,43,606,591]} 1. d4 Nf6 2. c4 e6 3. Nf3 d5 4. cxd5 exd5 5. Nc3 c6 6. Qc2 Be7 7. Bf4 {LiveBook: 116 Games} Be6 {D35: Queen's Gambit Declined: Exchange Variation} (7... g6 8. e3 Bf5 9. Bd3 Bxd3 10. Qxd3 Nbd7 11. O-O O-O 12. h3 Re8 13. Rfc1 Nb6 14. Qc2 Bd6 15. Bxd6 Qxd6 16. Ne5 Qe7 17. Nd3 Ne4 18. Ne5 {½-½ (18) Gareyev,T (2636)-Bruzon Batista,L (2694) Las Vegas 2014}) 8. h3 Nh5 $146 ({Predecessor:} 8... Bd6 9. Bxd6 Qxd6 10. e3 Nbd7 11. Bd3 b6 12. O-O O-O 13. Rad1 Rac8 14. Nh4 Rfe8 15. f4 {0-1 (51) Simeonidis,I (2268)-Makka,E (2061) Kallithea 2002}) 9. Bh2 Bd6 {The position is equal.} (9... Nd7 {seems wilder.} 10. g4 Nhf6 11. Ng5 Nf8 12. O-O-O h6) 10. Bxd6 Qxd6 11. e3 Nd7 12. Bd3 h6 13. a3 Nhf6 14. Na4 O-O 15. O-O b6 16. Rfc1 Rfc8 17. Ba6 Rc7 18. Nc3 {Black must now prevent Nb5!} b5 19. b4 Ne8 {Threatens to win with ...Nb8.} 20. a4 $1 $36 {[%cal Ba3a4,Ba4b5][%mdl 2080] White has good play.} Qxb4 21. Rcb1 $1 {[%cal Rb1b4]} Qe7 22. axb5 c5 23. dxc5 (23. b6 $5 axb6 24. Nb5 $16) 23... Qxc5 24. Rc1 Nb6 25. Nd4 Nf6 $2 {[#]} ({Black should play} 25... Nd6 $14) 26. Qb3 $2 (26. Nxd5 $1 $18 {[%mdl 512]} Qxc2 (26... Nbxd5 27. Qxc5) 27. Nxf6+ gxf6 28. Rxc2 (28. Nxc2 Rd8 $16) 28... Rxc2 29. Nxc2) 26... Qd6 27. Na4 Bd7 28. Nc3 (28. Rxc7 $16 Qxc7 29. Nc3) 28... Re8 29. Rc2 Nh7 30. Rac1 Ng5 31. Nce2 Nc4 32. Nf4 {b6 is the strong threat.} Ne6 33. Ndxe6 Bxe6 34. Qd3 Ree7 $2 {[%mdl 8192] [#]} (34... Rd8 $14) 35. Rxc4 $1 {[%mdl 512] Precision: White = 57%, Black = 46%.} 1-0

[Event "US-ch Open 2018"]
[Site "Saint Louis"]
[Date "2018.04.20"]
[Round "3"]
[White "Onischuk, Alexander"]
[Black "Nakamura, Hikaru"]
[Result "1/2-1/2"]
[WhiteElo "2672"]
[BlackElo "2787"]
[Annotator "TA"]
[PlyCount "79"]
[EventDate "2018.??.??"]
[EventType "tourn"]
[EventCountry "USA"]
[SourceTitle "playchess.com"]
[Source "ChessBase"]
[SourceQuality "1"]

{[%evp 12,79,57,29,23,17,33,0,18,14,31,-8,-19,-28,-37,-25,0,0,0,0,0,0,0,0,0,0,0,0,46,48,46,0,91,88,169,74,74,71,83,81,83,76,85,79,70,59,58,50,55,20,55,8,14,0,53,18,18,20,20,21,30,0,9,0,0,0,8,0,1,0]} 1. d4 {[%cal Bd2d4,Bd4d5][%mdl 32]} d6 2. Nf3 g6 3. c4 Bg7 4. Nc3 Nc6 5. d5 Ne5 6. Nxe5 Bxe5 7. g3 {LiveBook: 11 Games. A41: 1 d4 d6: Tartakower System and Modern Defence} h5 (7... c5 8. Bg2 Bg7 9. O-O Nf6 10. Qc2 O-O 11. Re1 e6 12. dxe6 Bxe6 13. Bxb7 Rb8 14. Bg2 Bxc4 15. Bg5 h6 16. Bxf6 Bxf6 17. b3 Qa5 18. Rac1 Qxc3 {½-½ (18) Lenic,L (2662)-Nakamura,H (2781) chess.com INT 2018}) 8. Bg5 c5 $146 ({Predecessor:} 8... Nf6 9. Bg2 Bf5 10. Qd2 Qc8 11. h3 Nh7 12. Be3 c5 13. dxc6 bxc6 14. Bd4 Bxd4 15. Qxd4 Nf6 16. e4 Be6 {½-½ (16) Muehlbauer,F-Zollstab,J Bayern 1997}) 9. dxc6 {White is slightly better.} bxc6 10. Bg2 Bd7 11. O-O h4 12. Ne4 hxg3 13. hxg3 f6 {[%cal Bf7f6,Bf6f5][%mdl 32]} 14. Be3 {Strongly threatening f4.} f5 15. f4 Bxb2 16. Rb1 $36 {[%mdl 2048] aiming for Nxd6+! White has the initiative.} Bf6 17. Nxf6+ Nxf6 18. Bd4 {Hoping for Bxf6.} O-O 19. c5 Be6 20. Bxc6 Rb8 21. Qa4 Nh5 (21... dxc5 $11 22. Bxc5 Rc8) 22. Kf2 $16 Qc7 (22... dxc5 $16 23. Bxc5 Rc8) 23. cxd6 (23. Bg2 $18 {is more deadly.}) 23... Qxd6 24. Bxa7 Rxb1 25. Rxb1 Nf6 26. Rd1 Qc7 27. Bf3 g5 28. Be3 gxf4 29. gxf4 Kf7 30. Rh1 Rg8 31. Bh5+ Kf8 32. Bf3 Kf7 $1 33. a3 Bd5 34. Bxd5+ Nxd5 35. Qb3 Qd6 36. Rd1 Rd8 {The position is equal.} 37. Rh1 Rc8 38. Rd1 Rd8 39. Rh1 Rc8 40. Rd1 {Precision: White = 44%, Black = 67%.} 1/2-1/2

[Event "US-ch Open 2018"]
[Site "Saint Louis"]
[Date "2018.04.20"]
[Round "3"]
[White "Xiong, Jeffery"]
[Black "Caruana, Fabiano"]
[Result "0-1"]
[WhiteElo "2665"]
[BlackElo "2804"]
[Annotator "TA"]
[PlyCount "98"]
[EventDate "2018.??.??"]
[EventType "tourn"]
[EventCountry "USA"]
[SourceTitle "playchess.com"]
[Source "ChessBase"]
[SourceQuality "1"]

{[%evp 17,98,23,30,21,15,22,20,20,16,0,10,-9,-2,0,0,-1,0,-7,0,0,-4,-7,-19,-10,-3,-20,-21,-70,-70,-77,-72,-77,-81,-75,-75,-68,-40,-53,-44,-41,-48,-48,-48,-91,-91,-91,-89,-91,-73,-63,0,-80,-51,-125,-125,-129,-130,-160,-160,-156,-171,-173,-141,-200,-157,-164,-159,-276,-286,-285,-289,-275,-291,-270,-277,-297,-264,-304,-296,-270,-264,-411,-406]} 1. d4 Nf6 2. Nf3 e6 3. c4 c5 4. d5 d6 5. Nc3 exd5 6. cxd5 g6 7. Bf4 Bg7 8. e3 {A61: Modern Benoni: Nf3 without early e4} O-O 9. h3 Qe7 {LiveBook: 13 Games} 10. Nd2 {White has an edge.} Nh5 $146 ({Predecessor:} 10... Nbd7 11. Be2 Ne8 12. O-O Ne5 13. Bh2 f5 14. Qc2 Bd7 15. Rae1 g5 {1-0 (57) Bocharov,D (2580)-Badmatsyrenov,O (2450) Barnaul 2011}) 11. Bh2 f5 {[%cal Bf7f5,Bf5f4,Bf4e3,Be3f2][%mdl 32]} 12. Be2 f4 13. O-O {[%cal Bh1f1,Bf1f2,Bf2e2][%mdl 32]} fxe3 14. Nde4 exf2+ $1 15. Kh1 Bxc3 16. Nxc3 Ng7 17. Bf3 Nd7 18. Rxf2 Ne5 19. Re2 Nf5 {Hoping for ...Nd4.} 20. Bxe5 dxe5 21. d6 $1 {[%cal Rd6e7]} Nxd6 22. Qd5+ Nf7 23. Ne4 Rb8 24. Qxc5 Qxc5 25. Nxc5 b6 26. Ne4 Bf5 27. Nc3 Rbd8 28. a4 a5 29. Bd5 Rfe8 30. Bxf7+ Kxf7 31. Rf1 {White wants to play g4.} Ke6 {[#] ...Bd3 is the strong threat.} 32. Rfe1 Kf6 33. Rf1 Ke6 {aiming for ...Bd3.} 34. Rfe1 $1 Kd6 35. Re3 (35. Nb5+ $15 Kd7 36. Re3) 35... Kc6 $17 36. Nb5 Re7 37. g4 Bd3 38. Nc3 Bc4 39. Rc1 {[#] And now Nb5 would win.} Kb7 40. Re4 (40. Kg1 $17) 40... Rd4 41. Kg1 Bb3 42. Kf2 (42. Rce1 $17 Rxe4 43. Rxe4) 42... Rd2+ $19 43. Re2 Rf7+ 44. Ke3 Rd4 45. Nb5 Rdd7 46. Nc3 Rf4 47. Rd2 Rfd4 48. Rf2 Bxa4 49. Rf6 (49. Nxa4 $142 Rxa4 50. Rc3) 49... Bc6 {Precision: White = 56%, Black = 88%.} 0-1

[Event "US-ch Open 2018"]
[Site "Saint Louis"]
[Date "2018.04.20"]
[Round "3"]
[White "Zherebukh, Yaroslav"]
[Black "Robson, Ray"]
[Result "1-0"]
[WhiteElo "2640"]
[BlackElo "2660"]
[Annotator "TA"]
[PlyCount "101"]
[EventDate "2018.??.??"]
[EventType "tourn"]
[EventCountry "USA"]
[SourceTitle "playchess.com"]
[Source "ChessBase"]
[SourceQuality "1"]

{[%evp 21,101,17,8,6,35,35,33,33,35,28,31,28,24,31,35,25,52,52,56,50,82,79,79,77,82,81,75,76,76,81,70,68,70,74,66,67,61,58,62,79,114,67,67,58,76,29,33,26,25,27,21,33,29,14,101,91,107,112,295,285,754,755,1089,1066,29985,29986,29986,29987,29988,29985,29985,29986,29985,29986,29987,29988,29988,29987,29989,29988,29988,29989]} 1. d4 d5 2. c4 c6 3. cxd5 cxd5 4. Nc3 Nf6 5. Nf3 Nc6 6. Bf4 Bf5 7. e3 e6 8. Qb3 Bb4 9. Ne5 {D14: Slav Defence: Exchange variation with ...Bf5} Bxc3+ 10. bxc3 Nxe5 11. Bxe5 O-O {LiveBook: 10 Games} 12. Rc1 Ne4 $146 ({Predecessor:} 12... Rc8 13. Qxb7 Ne4 14. f3 Qh4+ 15. g3 Qh6 16. Bf4 g5 {1-0 (52) Gajewski,G (2588)-Matlakov,M (2707) Batumi 2018}) 13. h4 f6 14. Bh2 $1 Qd7 15. Bb5 Qe7 16. Be2 Rac8 17. f3 Nd6 18. Qa3 Rc6 19. c4 Ra6 20. Bxd6 Qxd6 21. Qxd6 Rxd6 22. c5 Rc6 23. g4 Bg6 24. h5 Be8 25. Kd2 b6 26. Bb5 Rc8 27. Ba6 Rc6 28. Bd3 bxc5 29. Rxc5 Rxc5 30. dxc5 $14 {[%mdl 4096] Endgame KRB-KRB} h6 31. Rb1 {aiming for Rb7.} Bc6 32. f4 Kf7 33. Kc3 Ke7 34. Rb3 Ra8 $1 35. Ra3 a5 36. Rb3 Kd7 37. Rb6 e5 {[#]} (37... Kc7 $11 {remains equal.}) 38. fxe5 $1 $16 fxe5 {[#]} 39. a4 $1 {[%cal Ba2a4,Ba4b5][%mdl 32]} Kc7 $2 (39... Bxa4 $16 40. Rd6+ Kc7) 40. Bb5 $18 Bxb5 $2 (40... Bd7 41. g5 Rh8) 41. axb5 {KR-KR} a4 42. Rg6 Ra5 43. Rxg7+ {White mates.} Kd8 44. Kb4 a3 45. Kxa5 {KR-KP} a2 46. Kb6 a1=Q 47. c6 {[%cal Bc5c6,Bc6c7][%mdl 32]} Ke8 48. c7 {[%cal Rc7c8]} Kf8 49. Rh7 {[%cal Rc7c8]} Kg8 50. Rd7 {[%cal Rc7c8]} Qc3 51. Kb7 {Precision: White = 86%, Black = 42%.} 1-0

[Event "US-ch Open 2018"]
[Site "Saint Louis"]
[Date "2018.04.20"]
[Round "3"]
[White "Izoria, Zviad"]
[Black "Shankland, Samuel"]
[Result "0-1"]
[WhiteElo "2599"]
[BlackElo "2671"]
[Annotator "TA RC"]
[PlyCount "68"]
[EventDate "2018.??.??"]
[EventType "tourn"]
[EventCountry "USA"]
[SourceTitle "playchess.com"]
[Source "ChessBase"]
[SourceQuality "1"]

{[%evp 19,68,-13,14,12,24,0,18,27,43,43,63,15,17,7,18,18,29,0,14,0,26,24,17,15,12,9,14,3,12,0,0,-24,0,0,0,0,0,-10,-8,-8,-8,-8,0,-92,-33,-117,-114,-260,-256,-717,-710]} 1. c4 e6 2. Nc3 d5 3. d4 Nf6 4. cxd5 Nxd5 5. Nf3 c5 6. e3 cxd4 7. exd4 Nxc3 8. bxc3 Qc7 9. Bb2 Nd7 10. Bd3 Be7 11. O-O {D41: Queen's Gambit Declined: Semi-Tarrasch with 5 cxd5} b6 $146 ({Predecessor:} 11... O-O 12. Re1 b6 13. a4 Bb7 14. Qe2 Bf6 15. h4 Rfd8 16. c4 Bxf3 17. Qxf3 Rac8 18. h5 Nc5 19. dxc5 Bxb2 20. cxb6 axb6 {1-0 (61) Goh,W (2319)-Roiz,M (2544) playchess.com INT 2004}) 12. d5 {Black must now prevent dxe6.} O-O 13. dxe6 {The position is equal.} fxe6 14. Qc2 h6 15. Bh7+ Kh8 16. Be4 Rb8 17. c4 Bf6 18. Ba3 Nc5 19. Rad1 Bd7 20. Bxc5 bxc5 21. Rb1 Rb4 22. Qe2 Rfb8 23. Bc2 Rxb1 24. Bxb1 Kg8 25. h4 Kf8 26. Qe3 Rb2 27. g4 {And now g5 would win.} Qd6 28. g5 hxg5 29. hxg5 Bd4 $36 {[%mdl 2048] Black has some pressure.} 30. Nxd4 Qxd4 31. Be4 (31. Qf3+ $11 {keeps the balance.} Ke7 32. Bg6) 31... Rxa2 (31... Ke7 $1 $17 {...Qxe3 is the strong threat.} 32. Qf3 Rxa2) 32. Qf3+ {[#]} (32. Qxd4 $15 cxd4 33. Rb1) 32... Ke7 $1 $17 33. Rd1 {[#]} (33. Bc6 $17 {keeps fighting.}) 33... Ra1 $1 $19 {[%cal Ra1d1]} ({Not} 33... Rd2 34. Rb1 $15) 34. Bb1 $2 {[#]} (34. Rxa1 Qxa1+ 35. Kg2) 34... Bc6 $1 {[%mdl 512] Precision: White = 22%, Black = 66%.} 0-1

[Event "US-ch Open 2018"]
[Site "Saint Louis"]
[Date "2018.04.20"]
[Round "3"]
[White "Lenderman, Aleksandr"]
[Black "Akobian, Varuzhan"]
[Result "1/2-1/2"]
[WhiteElo "2599"]
[BlackElo "2647"]
[Annotator "TA"]
[PlyCount "137"]
[EventDate "2018.??.??"]
[EventType "tourn"]
[EventCountry "USA"]
[SourceTitle "playchess.com"]
[Source "ChessBase"]
[SourceQuality "1"]

{[%evp 20,136,37,31,36,38,43,44,41,35,47,32,49,27,35,25,39,29,36,12,15,11,9,19,8,19,26,37,54,50,50,18,35,36,27,33,23,27,48,33,52,32,35,14,19,18,18,16,15,14,14,14,14,14,14,16,15,18,22,14,16,14,12,12,17,17,18,17,19,20,26,10,23,8,8,8,15,15,15,15,15,15,16,8,8,8,8,8,8,8,4133,0,0,0,0,0,0,0,0,0,0,0,0,0,0,0,0,0,0,0,236,236,185,236,236,239,239,263,263]} 1. Nf3 d5 2. d4 Nf6 3. c4 e6 4. Nc3 a6 5. cxd5 exd5 6. Bg5 Be7 7. e3 c6 8. Qc2 Nbd7 9. Bd3 O-O 10. O-O h6 {D61: Queen's Gambit Declined: Classical: 7 Qc2} 11. Bh4 {LiveBook: 13 Games} Nh5 12. Bxe7 Qxe7 {White is slightly better.} 13. Rfe1 Nhf6 (13... Re8 14. e4 dxe4 15. Rxe4 Qf8 16. Rxe8 Qxe8 17. Re1 Qd8 18. d5 Nhf6 19. dxc6 bxc6 {½-½ (62) Grischuk,A (2752)-Aronian,L (2784) chess.com INT 2016}) 14. Rab1 $146 ({Find the theoretical novelty and annotate with similar games:} 14. Rad1 Qd6 15. h3 {0-1 (30) Cooke,E (2253)-Werner,D (2346) Budapest 2007}) 14... Qd6 15. b4 Re8 16. a4 a5 17. bxa5 Rxa5 18. Nd2 Ra8 19. Nb3 b6 20. Rec1 Ba6 21. Bf5 c5 22. Rd1 cxd4 23. Nxd4 Nc5 24. Qb2 Rab8 25. Qa3 (25. Bc2 {NOTEXT} Ng4 26. Nf3 Nf6 27. h3 Bc4 28. Nd4) 25... Red8 26. Ncb5 Bxb5 $1 27. Nxb5 Qf8 28. Qb4 Ra8 29. Bc2 Ne6 30. Qb2 Rdc8 31. Bf5 Rxa4 32. Nc3 Rac4 33. Nxd5 Nxd5 34. Rxd5 Rb4 35. Qa2 Ra8 36. Qc2 Rc8 37. Qd1 Rxb1 38. Qxb1 Rc6 39. g3 Rd6 40. Qd1 Rxd5 41. Qxd5 Qe8 42. Kf1 Nc7 43. Qd4 Qb5+ 44. Bd3 Qd5 45. Qc3 Ne8 46. e4 (46. Bc4 {NOTEXT} Qc5 47. Qd3 Kf8 48. Kg2 Nd6 49. Bd5) 46... Qc5 47. Qxc5 (47. Qc2 {NOTEXT} Kf8 48. f4 f6 49. Kg2 Ke7 50. Kf3) 47... bxc5 $11 {[%mdl 4096] Endgame KB-KN} 48. Ke2 f6 49. f4 Kf7 50. Bc4+ Ke7 51. e5 g5 52. Kf3 gxf4 53. gxf4 fxe5 54. fxe5 Nf6 $2 {[%mdl 8192] [#]} (54... Nc7 $11) 55. h4 $2 (55. exf6+ $18 Kxf6 56. Be2) 55... Nd7 56. Ke4 Nb6 57. Bg8 Kf8 58. Ba2 Ke7 59. Bg8 Kf8 60. Bb3 Ke7 61. h5 c4 62. Bd1 Nd7 63. Kd4 c3 64. Bb3 (64. Kd5 {NOTEXT} Nb8 65. Ba4 Na6 66. Kc4 Ke6 67. Kd4) 64... c2 $2 (64... Nb8 $11) 65. Bxc2 $18 Nxe5 66. Kxe5 {[#] White threatens Bb3 and mate.} Kf7 67. Kf5 Kg7 68. Ke6 Kh8 69. Kf7 $2 {Precision: White = 57%, Black = 66%.} (69. Bd1 Kh7 70. Bg4) 1/2-1/2

[Event "US-ch Open 2018"]
[Site "Saint Louis"]
[Date "2018.04.20"]
[Round "3"]
[White "Liang, Awonder"]
[Black "So, Wesley"]
[Result "1/2-1/2"]
[WhiteElo "2552"]
[BlackElo "2786"]
[Annotator "TA"]
[PlyCount "113"]
[EventDate "2018.??.??"]
[EventType "tourn"]
[EventCountry "USA"]
[SourceTitle "playchess.com"]
[Source "ChessBase"]
[SourceQuality "1"]

{[%evp 20,113,15,10,15,21,14,13,21,0,20,19,22,0,0,0,30,24,62,0,0,0,0,-14,20,14,16,20,9,17,16,18,12,12,97,87,119,116,143,141,145,110,114,92,81,36,33,25,37,22,65,61,75,0,0,0,0,0,0,0,0,0,0,0,0,0,0,0,0,0,0,0,0,0,0,0,0,0,0,0,0,0,0,0,0,0,0,0,0,0,0,0,8,0,0,0]} 1. e4 e6 2. d4 d5 3. Nd2 Be7 4. Bd3 c5 5. dxc5 Nf6 6. Qe2 O-O 7. Ngf3 {C03: French Tarrasch: Unusual Black 3rd moves} a5 8. O-O Na6 9. e5 Nd7 10. c4 Ndxc5 11. Bb1 {LiveBook: 35 Games} d4 12. Rd1 d3 13. Qe3 {[#]} b6 $146 ({Predecessor:} 13... Nb4 14. Ne4 {1-0 (56) Vachier Lagrave,M (2458)-Baklan,V (2595) Paris 2004}) 14. Ne1 {[%cal Re1d3]} Bb7 15. Nxd3 Qc7 16. Nf4 Rfd8 17. Re1 Bg5 18. Nf1 Nb4 {[#] White must now prevent ...Nbd3!} 19. Qg3 (19. Qh3 $1 $14 h6 20. Qg3) 19... Bxf4 $1 $11 20. Bxf4 {White wants to play Bg5.} Nbd3 21. Re3 {[%cal Rb1d3]} Ne4 22. Qh4 Qxc4 23. Bg5 Rd4 24. Bxd3 $40 {[%mdl 128] Black needs to defend precisely.} Nxg5 25. Bxc4 Rxh4 26. Be2 Rc8 (26... Rb4 $11) 27. Rb3 $16 Re4 28. Ne3 Rb4 29. Rxb4 axb4 30. Rd1 h6 31. h4 Ne4 32. Bf3 Nc5 33. Bxb7 Nxb7 $14 {[%mdl 4096] Endgame KRN-KRN} 34. Rd4 b3 35. axb3 Na5 36. b4 (36. Rb4 $16) 36... Rc1+ $1 $11 {The position is equal.} 37. Kh2 Nc6 38. Rc4 Rxc4 39. Nxc4 {KN-KN} b5 $1 {[%cal Rb5c4]} 40. Nd6 Nxb4 41. Nxb5 Nd3 42. Kg3 Nxb2 43. f4 h5 44. Nd6 Kf8 45. Kf3 Nd3 46. Ke4 Nf2+ 47. Kf3 Ng4 48. Ke4 Nh6 49. f5 Ke7 50. Kf4 Ng4 51. fxe6 Kxe6 52. Nf5 g6 53. Nd4+ Kd5 54. Nf3 Nf2 55. Kg5 {[#] Kf6 is the strong threat.} Ke6 56. Kf4 Kd5 57. Kg5 {Precision: White = 67%, Black = 69%.} 1/2-1/2

[Event "US-ch Open 2018"]
[Site "Saint Louis"]
[Date "2018.04.21"]
[Round "4"]
[White "Caruana, Fabiano"]
[Black "Izoria, Zviad"]
[Result "0-1"]
[WhiteElo "2804"]
[BlackElo "2599"]
[Annotator "TA"]
[PlyCount "162"]
[EventDate "2018.??.??"]
[EventType "tourn"]
[EventCountry "USA"]

{[%evp 23,162,0,0,0,20,0,12,0,18,21,20,9,46,46,38,39,52,24,35,22,18,32,14,-9,-5,-5,-10,-12,-15,-1,0,-2,-12,-33,-28,-36,0,0,0,0,0,0,0,0,0,0,0,0,0,-46,0,-30,-25,-34,-12,-8,-8,-27,-15,-56,-19,-33,-20,-52,-27,-75,-26,-77,-13,-18,-27,-55,0,0,0,0,4,0,25,22,28,20,19,16,28,10,10,12,20,8,18,0,0,0,8,3,4,0,0,0,0,0,6,0,0,0,0,0,0,0,0,-8,-2,-22,-22,-107,-107,-291,-68,-166,-218,-935,-904,-863,-863,-29974,-29975,-29978,-29979,-29979,-29980,-29980,-29980,-29978,-29978,-29981,-29982,-29983,-29984,-29983,-8]} 1. e4 e5 2. Nf3 Nc6 3. Bc4 Bc5 4. c3 Nf6 5. d3 d6 6. O-O h6 7. Re1 O-O 8. h3 a5 {C54: Giuoco Piano: 4 c3 Nf6, main lines with 5 d4 and 5 d3} 9. Nbd2 a4 10. Nf1 Bd7 11. d4 Bb6 12. Ng3 Re8 {LiveBook: 3 Games} 13. Bf1 {[#]} Qb8 $146 ({Predecessor:} 13... Na5 14. b4 axb3 15. axb3 {1-0 (65) Leko,P (2693)-Ganguly,S (2668) Doha 2016}) 14. d5 Ne7 15. Nh4 {[%cal Bf3h4,Bh4f5,Bf5e3,Be3c4][%mdl 32]} Kh7 16. Qf3 Qd8 17. Bd2 Neg8 18. Nhf5 $1 g6 19. Ne3 Kg7 20. Nc4 Ba7 21. Be3 Bxe3 22. Qxe3 Nh7 23. f4 b5 24. Nd2 exf4 25. Qxf4 Qf6 26. Qe3 $1 Ne7 27. Qf3 Rab8 28. a3 c5 29. Rad1 Nc8 30. Qe3 Nb6 31. Nf3 Ng5 32. Nh2 $1 Nh7 33. Be2 Qg5 34. Qf2 Qf6 35. Qe3 Qg5 36. Qf3 Qf6 (36... h5 {seems wilder.} 37. Bd3 h4 38. Nh1 Nc4 39. Bxc4 bxc4 40. Re2 Nf6) 37. Bd3 Qxf3 38. Nxf3 f6 39. h4 h5 40. Kf2 Nf8 41. Nd2 Nc8 {[%cal Bb6c8,Bc8e7,Be7g8,Bg8h6][%mdl 32]} 42. Rb1 Ne7 43. Ngf1 Ng8 (43... c4 $5 {[%cal Rc4d3]} 44. Bc2 Bc8 $11) 44. Ne3 Nh6 (44... c4 $5 {[%cal Rc4d3]} 45. Bc2 Nh6 $15) 45. Be2 (45. b3 $11) 45... f5 (45... c4 $17) 46. b3 $11 axb3 47. Rxb3 c4 ({Reject} 47... fxe4 48. Reb1 $11) ({Black should try} 47... f4 $15 48. Nc2 Ng4+ 49. Bxg4 hxg4) 48. Rb4 fxe4 49. Reb1 {Hoping for Ndxc4!} Ra8 {[#]} 50. a4 $1 {[%cal Ra4b5][%mdl 512]} Rxa4 51. Rxa4 bxa4 52. Ndxc4 Nf7 53. Rb7 Kf6 54. Bd1 Ra8 55. Nb6 Rd8 56. Nec4 Bb5 57. Nd2 Bd3 58. Ke3 Ne5 (58... Nh6 {is more complex.} 59. Nxe4+ Bxe4 60. Kxe4 Nf5 61. Bxa4 Nxh4 62. g4 hxg4 63. Kf4 g5+) 59. Bxa4 g5 60. hxg5+ (60. Rc7 {is interesting.} Nfg6 61. hxg5+ Kxg5 62. Rc8 Rxc8 63. Nxc8 Ng4+ 64. Kd4) 60... Kxg5 61. Nxe4+ Bxe4 62. Kxe4 {And now Rc7 would win.} Nfg6 63. Nd7 Rc8 {...Rc4+ is the strong threat.} 64. Bc6 Nxc6 65. dxc6 Rxc6 {[%mdl 4096] Endgame KRN-KRN} 66. Kd4 Nf4 67. c4 Nxg2 {Threatening ...h4.} 68. Kd5 Rc8 {Strongly threatening ...Ne3+.} 69. Nb6 (69. Rb5 $11 {keeps the balance.}) 69... Ne3+ $17 70. Ke6 $2 {[#]} (70. Ke4 $17 Re8+ 71. Kf3) 70... Rc6 $2 ({Better is} 70... Rh8 $1 $19 {[%cal Rh8h6]} 71. Rg7+ Kf4 72. Nd5+ Ke4) 71. Kd7 (71. Rg7+ $15 Kh6 72. Rb7) 71... Nxc4 $19 72. Kxc6 $2 (72. Nd5) 72... Na5+ 73. Kxd6 Nxb7+ {KN-KN} 74. Kd5 {[#]} Kf4 $1 {Black mates.} (74... h4 $2 75. Ke4 $19) 75. Nc4 h4 {[%cal Bh5h4,Bh4h3][%mdl 32]} 76. Nd2 h3 77. Nf1 Nd8 78. Kd4 Nf7 79. Kd5 Ne5 80. Kd4 Ng4 81. Kd3 Ke5 $2 {[%mdl 32768] Precision: White = 41%, Black = 56%. . Sensor Board Error (Ke4/e5)?} (81... Kf3 {mates} 82. Nd2+ Kg2 83. Nb1 h2 84. Na3 h1=Q 85. Kc2 Qh7+ 86. Kc1 Qh6+ 87. Kc2 Qc6+ 88. Kb2 Ne3 89. Kb3 Qe4 90. Kc3 Nd5+ 91. Kb2 Qb4+ 92. Kc1 Qxa3+ 93. Kd2 Qc3+ 94. Kd1 Ne3+ 95. Ke2 Nf1 96. Kd1 Qd2#) 0-1